000 00611nam a2200229Ia 4500
005 20250425162407.0
008 250425s9999 xx 000 0 und d
020 _a99788419454
041 _aspa
082 _a305.898 66
245 0 _aEL INDIO ECUATORIANO. CONTRIBUCION AL ESTUDIO DE LA SOCIOLOGIA INDO-AMERICANA. TOMO II
250 _a7A ED.
260 _aEcuador
_bCORPORACION EDITORA NACIONAL
_c1997
260 _aS.L.
300 _a230
500 _aCOLECCION QUITUMBE
650 _aECUADOR
650 _aHISTORIA SOCIAL INDIGENA
650 _aLOS SCHYRIS
942 _c01
010 _a68657
999 _c228323
_d228323